000 00256nam a2200133Ia 4500
100 _aSmith/R.J
942 _cBK
654 _asystems
245 _aCircuits
260 _bJohn wiley
_aNew York
_c1984
300 _a751
546 _aENGLISH
999 _c22131
_d22131